[Event "World Junior Chess Championship U18 g"]
[Site "Gaziantep"]
[Date "2008.08.10"]
[Round "8.14"]
[White "Muminova, Nafisa"]
[Black "Toth, Sarolta"]
[Result "1/2-1/2"]
[WhiteElo "2242"]
[BlackElo "2151"]
[PlyCount "166"]
[EventDate "2008.08.??"]
[EventType "swiss"]
[EventRounds "13"]
[EventCountry "TUR"]

1. e4 c5 2. Nf3 e6 3. d4 cxd4 4. Nxd4 a6 5. Bd3 Bc5 6. Nb3 Be7 7. O-O d6 8. Qg4
g6 9. Qg3 Nd7 10. a4 b6 11. Na3 Qc7 12. Be3 Bb7 13. Nc4 Ngf6 14. f3 O-O 15. Qf2
Bd8 16. Bf4 Be7 17. Rfd1 Nh5 18. Be3 Bd8 19. Bh6 Re8 20. Nxd6 Qxd6 21. Bb5 Qc7
22. Bxd7 Re7 23. Qd4 e5 24. Qd3 Nf4 25. Bxf4 exf4 26. Rd2 Qe5 27. c3 Bc7 28.
Rad1 Rd8 29. Qc4 Bb8 30. Bc6 Rxd2 31. Rxd2 Rc7 32. Rd8+ Kg7 33. Nd4 Ba7 34. Qd5
Qxd5 35. exd5 b5 36. axb5 axb5 37. Bxb7 Rxb7 38. Kf1 Bxd4 39. cxd4 Kf6 40. Rd6+
Ke7 41. Rc6 Ra7 42. Ke2 Ra2 43. Rc2 Kd6 44. Kd3 b4 45. Kc4 Ra7 46. Kxb4 Kxd5
47. Rd2 f5 48. Kb5 Rb7+ 49. Ka5 Ra7+ 50. Kb6 Ra2 51. Kb5 g5 52. Kb4 Ra8 53. b3
g4 54. Kc3 Re8 55. b4 Re3+ 56. Rd3 Re2 57. b5 Rxg2 58. b6 Rg1 59. Kc2 Rg2+ 60.
Kc1 g3 61. b7 gxh2 62. b8=Q h1=Q+ 63. Rd1 Qh4 64. Qe5+ Kc6 65. d5+ Kb7 66. Qc3
Qd8 67. Rd4 Rg6 68. Rb4+ Ka7 69. Qc5+ Rb6 70. Rc4 Qd6 71. Qa5+ Kb7 72. Qa2 Ra6
73. Qb2+ Rb6 74. Qg7+ Ka6 75. Qa1+ Kb7 76. Qc3 Qxd5 77. Rc7+ Kb8 78. Rc8+ Kb7
79. Rc7+ Kb8 80. Rc8+ Kb7 81. Rc7+ Kb8 82. Rc8+ Kb7 83. Rc7+ Kb8 1/2-1/2

[Event "World Junior Chess Championship U18 g"]
[Site "Gaziantep"]
[Date "2008.08.10"]
[Round "8.15"]
[White "Nemcova, Katerina"]
[Black "Tjolsen, Katrine"]
[Result "1-0"]
[WhiteElo "2372"]
[BlackElo "2121"]
[PlyCount "153"]
[EventDate "2008.08.??"]
[EventType "swiss"]
[EventRounds "13"]
[EventCountry "TUR"]

1. e4 c5 2. Nf3 Nc6 3. d4 cxd4 4. Nxd4 Nf6 5. Nc3 e5 6. Ndb5 d6 7. Bg5 a6 8.
Na3 b5 9. Nd5 Be7 10. Bxf6 Bxf6 11. c4 b4 12. Nc2 Rb8 13. Qd3 Bg5 14. Be2 Qa5
15. O-O Be6 16. b3 Qd8 17. a3 bxa3 18. Rxa3 a5 19. Rd1 O-O 20. Qc3 Bxd5 21.
Rxd5 Qc7 22. g3 Rb7 23. h4 Be7 24. Bd1 Bd8 25. Qd2 Qc8 26. Kg2 Bb6 27. Ra1 Bc5
28. Rd3 Qe6 29. Ne1 Rfb8 30. Nf3 Qg6 31. Qe2 Qe6 32. Qe1 Bb4 33. Qe2 g6 34. Bc2
Kg7 35. h5 Qg4 36. Rh1 h6 37. Rh4 Qe6 38. hxg6 fxg6 39. Rd1 Rh8 40. Rdh1 Rbb8
41. Qe3 Bc5 42. Qd2 h5 43. Bd1 Qf6 44. Rg1 Rbf8 45. Rf1 Nd8 46. Qxa5 g5 47. Rh2
Ne6 48. Qd2 h4 49. b4 h3+ 50. Kh1 Bd4 51. Ng1 Qg6 52. Qd3 g4 53. Qe2 Ng5 54.
Qxg4 Qxe4+ 55. Bf3 Qxg4 56. Bxg4 Ne4 57. Bxh3 Nxf2+ 58. Kg2 Ng4 59. Rxf8 Ne3+
60. Kf3 Rxf8+ 61. Ke4 Nxc4 62. Ne2 Bf2 63. Kd5 Ne3+ 64. Kxd6 Nc2 65. b5 Nd4 66.
Nxd4 Bxd4 67. Be6 Rb8 68. Bd7 e4 69. Kd5 Bb6 70. Kxe4 Rd8 71. Rd2 Bc7 72. g4
Kf6 73. Rd5 Ke7 74. Bf5 Rb8 75. Rd7+ Kf6 76. Rxc7 Rxb5 77. Rc6+ 1-0

[Event "World Junior Chess Championship U18 g"]
[Site "Gaziantep"]
[Date "2008.08.10"]
[Round "8.16"]
[White "Berke, Ana"]
[Black "Foisor, Sabina-Francesca"]
[Result "0-1"]
[WhiteElo "2100"]
[BlackElo "2337"]
[PlyCount "118"]
[EventDate "2008.08.??"]
[EventType "swiss"]
[EventRounds "13"]
[EventCountry "TUR"]

1. e4 g6 2. d4 c6 3. Nc3 d5 4. h3 Bg7 5. Nf3 Nh6 6. Bf4 f6 7. Be2 Nf7 8. Bh2
O-O 9. O-O b6 10. Re1 e6 11. Bf1 Bb7 12. e5 Nd7 13. a4 fxe5 14. dxe5 c5 15. a5
d4 16. Nb5 a6 17. Na3 b5 18. c3 dxc3 19. bxc3 Qe7 20. Qe2 Rad8 21. Rad1 c4 22.
Nc2 Nc5 23. Nb4 Nb3 24. Qe3 Nxa5 25. Nd4 Rde8 26. Be2 Bh6 27. f4 Nb3 28. Nbc2
Nc5 29. Bg4 Nd8 30. Rf1 Bg7 31. Bf3 Bxf3 32. Nxf3 Nd3 33. Nce1 Nc5 34. Nd4 Ndb7
35. g4 Na4 36. Nef3 Qa3 37. Ng5 Nd8 38. Ra1 Qxc3 39. Qxc3 Nxc3 40. Rxa6 b4 41.
Ngxe6 Ne2+ 42. Kg2 Nxe6 43. Nxe6 Rf7 44. Rf2 Nc3 45. Nxg7 Rxg7 46. Rc6 b3 47.
e6 Rb7 48. f5 Ne4 49. f6 Rxe6 50. f7+ Rxf7 51. Rc8+ Kg7 52. Rxf7+ Kxf7 53. Rxc4
Nd2 54. Rb4 Re2+ 55. Kh1 g5 56. h4 Nf3 57. Bb8 b2 58. Bg3 gxh4 59. Bc7 h3 0-1

[Event "World Junior Chess Championship U18 g"]
[Site "Gaziantep"]
[Date "2008.08.10"]
[Round "8.17"]
[White "Eric, Jovena"]
[Black "Daulyte, Deimante"]
[Result "1-0"]
[WhiteElo "2111"]
[BlackElo "2288"]
[PlyCount "59"]
[EventDate "2008.08.??"]
[EventType "swiss"]
[EventRounds "13"]
[EventCountry "TUR"]

1. e4 e5 2. Nf3 Nc6 3. Bc4 Nf6 4. d3 h6 5. c3 d6 6. Nbd2 g6 7. Nf1 d5 8. exd5
Nxd5 9. Qb3 Na5 10. Qa4+ c6 11. Bxd5 Qxd5 12. Ne3 Qd8 13. O-O Bg7 14. b4 e4 15.
dxe4 Bxc3 16. Rb1 Qd3 17. bxa5 Qxb1 18. Bd2 Qxf1+ 19. Nxf1 Bxd2 20. N1xd2 O-O
21. e5 Be6 22. Qh4 Kg7 23. Qf6+ Kh7 24. h4 Bxa2 25. h5 Rae8 26. Nh4 Rg8 27. Ne4
Rg7 28. Qd6 Rc8 29. Nf6+ Kh8 30. Qd2 1-0

[Event "World Junior Chess Championship U18 g"]
[Site "Gaziantep"]
[Date "2008.08.10"]
[Round "8.18"]
[White "Paikidze, Nazi"]
[Black "Ikonomopoulou, Maria"]
[Result "1-0"]
[WhiteElo "2277"]
[BlackElo "2074"]
[PlyCount "79"]
[EventDate "2008.08.??"]
[EventType "swiss"]
[EventRounds "13"]
[EventCountry "TUR"]

1. d4 d5 2. Nf3 c6 3. e3 Nf6 4. Bd3 Nbd7 5. b3 e6 6. Bb2 Bd6 7. Nbd2 Qe7 8. Ne5
Ba3 9. Bxa3 Qxa3 10. f4 c5 11. c3 b6 12. Nec4 dxc4 13. Nxc4 Qa6 14. Nd6+ Ke7
15. Bxa6 Bxa6 16. Nc4 Rad8 17. O-O Ne4 18. Qc1 f5 19. Rd1 Bb7 20. dxc5 Ndxc5
21. Rd4 g5 22. Ne5 gxf4 23. b4 Na4 24. Rxe4 Bxe4 25. Qe1 fxe3 26. Qh4+ Kd6 27.
Rd1+ Kc7 28. Qe7+ Kc8 29. Qxe6+ Kc7 30. Rd7+ Rxd7 31. Qxd7+ Kb8 32. Qxa4 Rd8
33. b5 Re8 34. Nc6+ Bxc6 35. bxc6 Kc7 36. Qxa7+ Kxc6 37. Kf1 Re4 38. Qxh7 Re5
39. Ke2 Kd5 40. Qd7+ 1-0

[Event "World Junior Chess Championship U18 g"]
[Site "Gaziantep"]
[Date "2008.08.10"]
[Round "8.19"]
[White "Yildiz, Betül Cemre"]
[Black "Middelveld, Martine"]
[Result "1-0"]
[WhiteElo "2236"]
[BlackElo "2073"]
[PlyCount "59"]
[EventDate "2008.08.??"]
[EventType "swiss"]
[EventRounds "13"]
[EventCountry "TUR"]

1. e4 e6 2. d4 d5 3. Nc3 Bb4 4. e5 c5 5. Bd2 cxd4 6. Nb5 Be7 7. Nf3 Nc6 8.
Nbxd4 Bd7 9. c3 f6 10. Bd3 g6 11. exf6 Nxf6 12. Qe2 Nxd4 13. Nxd4 Kf7 14. h4
Bd6 15. O-O-O a6 16. Nf3 Qe7 17. Rde1 Kg7 18. Ne5 Bb5 19. Bf4 Qc7 20. Qf3 Nd7
21. Bh6+ Kxh6 22. Qf4+ Kg7 23. Qf7+ Kh6 24. h5 Nxe5 25. hxg6+ Kg5 26. f4+ Kg4
27. Qxe6+ Kxf4 28. Qf5+ Kg3 29. Rh3+ Kxg2 30. Qf1# 1-0

[Event "World Junior Chess Championship U18 g"]
[Site "Gaziantep"]
[Date "2008.08.10"]
[Round "8.20"]
[White "Isgandarova, Khayala"]
[Black "Kalashyan, Varduhi"]
[Result "1-0"]
[WhiteElo "2207"]
[BlackElo "2049"]
[PlyCount "95"]
[EventDate "2008.08.??"]
[EventType "swiss"]
[EventRounds "13"]
[EventCountry "TUR"]

1. e4 c5 2. Nc3 d6 3. g3 g6 4. Bg2 Bg7 5. d3 Nc6 6. Be3 e6 7. Qd2 Nge7 8. Bh6
O-O 9. Nf3 d5 10. Bxg7 Kxg7 11. h4 h5 12. O-O Rb8 13. exd5 exd5 14. Rae1 Nf5
15. Ng5 Nfe7 16. Nh3 Bxh3 17. Bxh3 b5 18. Ne2 d4 19. Nf4 Nd5 20. Re4 Nxf4 21.
Qxf4 Qf6 22. Qc7 Rb6 23. Re6 Rc8 24. Qxb6 fxe6 25. Qb7+ Ne7 26. Re1 Rc6 27.
Qxb5 Kh6 28. Bg2 Rb6 29. Qd7 Nf5 30. b3 Qg7 31. Qc8 e5 32. Qe8 Ne7 33. f4 Nf5
34. Rxe5 Nxg3 35. Re7 Rb8 36. Qd7 Qg8 37. Bd5 Qh8 38. Bf3 Nf5 39. Rf7 Nxh4 40.
Be4 Rf8 41. Qxa7 Qg8 42. Bd5 Rxf7 43. Qxf7 Qc8 44. Qe6 Qb8 45. Qe5 Qd8 46. Be4
Kh7 47. Qxh5+ Kg7 48. Qg5 1-0

[Event "World Junior Chess Championship U18 g"]
[Site "Gaziantep"]
[Date "2008.08.10"]
[Round "8.21"]
[White "Davletbazeva, Madina"]
[Black "Chierici, Marianna"]
[Result "1/2-1/2"]
[WhiteElo "2155"]
[BlackElo "2037"]
[PlyCount "131"]
[EventDate "2008.08.??"]
[EventType "swiss"]
[EventRounds "13"]
[EventCountry "TUR"]

1. e4 c5 2. Nf3 Nc6 3. c3 Nf6 4. e5 Nd5 5. Bc4 Nb6 6. Bb3 c4 7. Bc2 d6 8. exd6
Qxd6 9. O-O Bg4 10. h3 Bh5 11. Re1 Rd8 12. b3 Qf6 13. Be4 e6 14. bxc4 Nxc4 15.
Qa4 N4a5 16. d4 Bxf3 17. Bxf3 Be7 18. Re5 O-O 19. Bg5 Qxg5 20. Rxg5 Bxg5 21.
Na3 a6 22. Bxc6 Nxc6 23. Rb1 Rb8 24. Nc2 Rfd8 25. Ne3 h6 26. Rb6 Bf4 27. Rb1
Na7 28. Ng4 Nb5 29. Qb3 Rdc8 30. c4 Nxd4 31. Qd3 Nc6 32. Qe4 Bc7 33. Nh2 Rd8
34. Nf3 Rd7 35. g3 Bd6 36. Kg2 Rbd8 37. Qe3 Bb8 38. Qe4 Ba7 39. c5 Rc8 40. Rc1
Rd5 41. Rb1 Rc7 42. Qf4 Rcd7 43. Re1 Bxc5 44. Qg4 Rf5 45. Re2 Rd3 46. Nh4 Rd4
47. f4 Rf6 48. Rc2 b6 49. Qe2 Nb4 50. Rd2 e5 51. Rxd4 exd4 52. a3 Re6 53. Qc4
Nc6 54. Qxa6 Ne7 55. Nf3 Nf5 56. Ne5 Nd6 57. Qa8+ Kh7 58. Qd5 Re7 59. a4 Nf5
60. Kf3 f6 61. Nc4 Ne3 62. Nxe3 Rxe3+ 63. Kg4 Ra3 64. Qf5+ Kg8 65. Qc8+ Kh7 66.
Qf5+ 1/2-1/2

[Event "World Junior Chess Championship U18 g"]
[Site "Gaziantep"]
[Date "2008.08.10"]
[Round "8.22"]
[White "Klimets, Elena"]
[Black "Alavi, Hour Homa"]
[Result "0-1"]
[WhiteElo "2150"]
[BlackElo "1723"]
[PlyCount "50"]
[EventDate "2008.08.??"]
[EventType "swiss"]
[EventRounds "13"]
[EventCountry "TUR"]

1. e4 c6 2. d4 d5 3. exd5 cxd5 4. Bd3 Nc6 5. c3 Qc7 6. h3 e5 7. dxe5 Qxe5+ 8.
Be3 Bc5 9. Nf3 Qe7 10. Nd4 Nf6 11. O-O O-O 12. Re1 Re8 13. Nd2 Nxd4 14. cxd4
Bd6 15. Nf3 Ne4 16. Qb3 Be6 17. Nd2 Qh4 18. Bf1 Bxh3 19. Nxe4 Qxe4 20. gxh3 Re6
21. Bd3 Qf3 22. Bd2 Qxh3 23. f4 Rg6+ 24. Kf2 Qh2+ 25. Ke3 Rg3# 0-1

[Event "World Junior Chess Championship U18 g"]
[Site "Gaziantep"]
[Date "2008.08.10"]
[Round "8.23"]
[White "Bayrak, Asli"]
[Black "Tsatsalashvili, Keti"]
[Result "1/2-1/2"]
[WhiteElo "2013"]
[BlackElo "2271"]
[PlyCount "130"]
[EventDate "2008.08.??"]
[EventType "swiss"]
[EventRounds "13"]
[EventCountry "TUR"]

1. e4 c5 2. Nf3 d6 3. d4 cxd4 4. Nxd4 Nf6 5. f3 e5 6. Nb3 d5 7. Bg5 Be6 8. Bxf6
gxf6 9. exd5 Qxd5 10. Qxd5 Bxd5 11. Nc3 Be6 12. O-O-O a6 13. Bd3 Nd7 14. Ne4 f5
15. Ng3 f4 16. Ne4 Rg8 17. Rhg1 O-O-O 18. g4 fxg3 19. Nxg3 Bh6+ 20. Kb1 Be3 21.
Rh1 Rg5 22. Ne4 Rg2 23. Rde1 Bf4 24. Nd6+ Kc7 25. h4 Nf6 26. Ne4 Nd5 27. Rhg1
Ne3 28. Rxg2 Nxg2 29. Ng5 Nxh4 30. Nxe6+ fxe6 31. Nc5 Kb6 32. Nxe6 Rd7 33. Nxf4
exf4 34. Kc1 h5 35. Rf1 Rg7 36. Kd1 Rg3 37. Be4 Ng2 38. Ke2 Ne3 39. Rh1 Rg2+
40. Kd3 Rg5 41. a3 Kc7 42. c4 b6 43. b4 Kd6 44. Bb7 a5 45. Be4 Ng2 46. bxa5
Rxa5 47. Kd4 Rg5 48. Bd3 h4 49. Bf1 Ne3 50. Ke4 Rf5 51. Bd3 Ra5 52. Rxh4 Rxa3
53. Rxf4 Nd1 54. Kd4 Nb2 55. Be4 Ra4 56. Rf6+ Ke7 57. Rxb6 Nxc4 58. Rb7+ Kf6
59. Kd3 Ne5+ 60. Ke3 Ra3+ 61. Kf4 Ng6+ 62. Kg4 Ne5+ 63. Kf4 Ng6+ 64. Kg3 Ne5
65. Kf4 Ng6+ 1/2-1/2

[Event "World Junior Chess Championship U18 g"]
[Site "Gaziantep"]
[Date "2008.08.10"]
[Round "8.24"]
[White "Pourkashiyan, Atousa"]
[Black "Acar, Gizem"]
[Result "1-0"]
[WhiteElo "2269"]
[BlackElo "1931"]
[PlyCount "213"]
[EventDate "2008.08.??"]
[EventType "swiss"]
[EventRounds "13"]
[EventCountry "TUR"]

1. e4 e5 2. Nf3 Nc6 3. Bb5 a6 4. Ba4 b5 5. Bb3 Nf6 6. Ng5 d5 7. exd5 Nd4 8. d3
Nxb3 9. axb3 Qxd5 10. O-O Bb7 11. Nf3 O-O-O 12. Nc3 Qc6 13. Qe2 Bd6 14. Re1 e4
15. Nxe4 Rhe8 16. Nxd6+ Rxd6 17. Be3 g5 18. Qd2 g4 19. Nh4 Nd5 20. Bf4 Rde6 21.
Rxe6 Rxe6 22. c4 Nxf4 23. Qxf4 Qe8 24. Qxg4 Kb8 25. Kf1 Qd7 26. Qf5 h5 27. Rd1
Qe7 28. Nf3 h4 29. cxb5 axb5 30. Re1 Bxf3 31. Rxe6 Bxg2+ 32. Kxg2 fxe6 33.
Qxb5+ Kc8 34. Qe5 c5 35. Kh3 Kb7 36. Qe4+ Kb6 37. Qxh4 Qd7 38. Qe4 e5+ 39. Kg3
Qg7+ 40. Qg4 Qc7 41. Kf3 Qf7+ 42. Ke3 Qxb3 43. Qg6+ Ka5 44. Qc6 Qc2 45. Qc7+
Kb5 46. Qxe5 Qc1+ 47. Kf3 Qd1+ 48. Qe2 Qh1+ 49. Kg3 Qg1+ 50. Kh3 Qg5 51. d4+
Kb4 52. Qe1+ Kb5 53. Qe8+ Kb4 54. Qe1+ Kb5 55. dxc5 Qf5+ 56. Kg3 Qg5+ 57. Kf3
Qh5+ 58. Ke3 Qxc5+ 59. Kf4 Qf8+ 60. Kg3 Qg7+ 61. Kf3 Qf6+ 62. Kg2 Qf4 63. Qe8+
Ka5 64. Qh5+ Ka4 65. Qg6 Kb5 66. h3 Kc5 67. Qg4 Qd2 68. b3 Qd5+ 69. Qf3 Qg5+
70. Qg3 Qd5+ 71. Kh2 Qh5 72. h4 Kb4 73. Kh3 Qd5 74. Kh2 Qf5 75. Qe3 Qg4 76.
Qb6+ Ka3 77. Qd6+ Ka2 78. Qg3 Qf5 79. b4 Kb2 80. f3 Kb3 81. Qg8+ Kc3 82. Qg7+
Kd3 83. Qg4 Qe5+ 84. Qg3 Qb2+ 85. Kh3 Qxb4 86. Qg6+ Kd2 87. h5 Qf4 88. Qg4 Qf6
89. Qe4 Qg5 90. Qg6 Qf4 91. Kg2 Qe5 92. Kh3 Qf4 93. Qe4 Qg5 94. Qh4 Qf5+ 95.
Kg3 Kc3 96. Qg4 Qe5+ 97. Kh4 Qe7+ 98. Qg5 Qe1+ 99. Kg4 Qg1+ 100. Kf5 Qb1+ 101.
Ke5 Qb5+ 102. Kf4 Qc4+ 103. Kg3 Qc7+ 104. f4 Kd4 105. h6 Qc3+ 106. Kg4 Qc8+
107. f5 1-0

[Event "World Junior Chess Championship U18 g"]
[Site "Gaziantep"]
[Date "2008.08.10"]
[Round "8.25"]
[White "Shamima, Akter"]
[Black "Hegarty, Sarah"]
[Result "1/2-1/2"]
[WhiteElo "2099"]
[BlackElo "1966"]
[PlyCount "72"]
[EventDate "2008.08.??"]
[EventType "swiss"]
[EventRounds "13"]
[EventCountry "TUR"]

1. d4 Nf6 2. c4 g6 3. Nc3 d5 4. cxd5 Nxd5 5. e4 Nxc3 6. bxc3 Bg7 7. Nf3 c5 8.
Rb1 O-O 9. Be2 cxd4 10. cxd4 Qa5+ 11. Bd2 Qxa2 12. O-O Bg4 13. Bg5 h6 14. Be3
Nc6 15. d5 Ne5 16. Rxb7 e6 17. h3 Bxf3 18. Bxf3 Rfd8 19. Bd4 exd5 20. Bxe5 dxe4
21. Qc1 exf3 22. Bxg7 Kxg7 23. Qc3+ Kg8 24. Re1 Re8 25. Rd1 Rad8 26. Ra1 Qe6
27. Qxf3 a6 28. Rxa6 Qe1+ 29. Kh2 Qe5+ 30. g3 Re7 31. Raa7 Rxb7 32. Rxb7 Qd5
33. Kg2 Kg7 34. g4 Qxf3+ 35. Kxf3 Rd3+ 36. Kg2 g5 1/2-1/2

[Event "World Junior Chess Championship U18 g"]
[Site "Gaziantep"]
[Date "2008.08.10"]
[Round "8.26"]
[White "Leks, Hanna"]
[Black "Misovic, Sanja"]
[Result "1-0"]
[WhiteElo "2198"]
[BlackElo "1914"]
[PlyCount "45"]
[EventDate "2008.08.??"]
[EventType "swiss"]
[EventRounds "13"]
[EventCountry "TUR"]

1. e4 c5 2. Nf3 e6 3. d4 cxd4 4. Nxd4 Nc6 5. Nc3 Qc7 6. Be2 a6 7. O-O Nf6 8.
Kh1 Bb4 9. Nxc6 bxc6 10. f4 d5 11. e5 Nd7 12. Na4 O-O 13. c4 a5 14. Be3 Ba6 15.
Rc1 Qb7 16. c5 d4 17. Bxd4 Rfd8 18. Bxa6 Qxa6 19. Qc2 Qb5 20. Rfd1 Nxc5 21.
Nxc5 Rd5 22. a3 Bxc5 23. Bxc5 1-0

[Event "World Junior Chess Championship U18 g"]
[Site "Gaziantep"]
[Date "2008.08.10"]
[Round "8.27"]
[White "Sgircea, Silvia-Raluca"]
[Black "Garcia, Liria Caetano"]
[Result "1-0"]
[WhiteElo "2167"]
[BlackElo "1792"]
[PlyCount "77"]
[EventDate "2008.08.??"]
[EventType "swiss"]
[EventRounds "13"]
[EventCountry "TUR"]

1. Nf3 d5 2. c4 dxc4 3. e3 a6 4. Bxc4 e6 5. d4 c6 6. O-O Nf6 7. Nc3 Nbd7 8. b3
Be7 9. Bb2 O-O 10. Qe2 b5 11. Bd3 Bb7 12. Rfd1 c5 13. dxc5 Bxc5 14. Rac1 Qb6
15. Nd2 Ne5 16. Bb1 Ng6 17. Nce4 Be7 18. Nxf6+ gxf6 19. Bd4 Qa5 20. Be4 Bxe4
21. Nxe4 Kg7 22. Qf3 e5 23. Bc5 Qc7 24. Nxf6 Bxc5 25. Nh5+ Kh6 26. b4 Qe7 27.
Rxc5 Qg5 28. Ng3 Nh4 29. Rd6+ f6 30. Qb7 Qg7 31. Qxg7+ Kxg7 32. Nh5+ Kg6 33.
Rxe5 Nf5 34. Nf4+ Kg5 35. h4+ Kg4 36. f3+ Kg3 37. Rxf5 Rac8 38. Ne2+ Kxh4 39.
Rd4# 1-0

[Event "World Junior Chess Championship U18 g"]
[Site "Gaziantep"]
[Date "2008.08.10"]
[Round "8.28"]
[White "Efroimski, Marsel"]
[Black "Albano, Jeremias Bianca"]
[Result "1-0"]
[WhiteElo "2091"]
[BlackElo "1990"]
[PlyCount "69"]
[EventDate "2008.08.??"]
[EventType "swiss"]
[EventRounds "13"]
[EventCountry "TUR"]

1. e4 e6 2. d4 d5 3. Nd2 Nf6 4. e5 Nfd7 5. Ngf3 c5 6. c3 Nc6 7. Bd3 Be7 8. dxc5
Ndxe5 9. Bb5 Nxf3+ 10. Nxf3 Bxc5 11. O-O O-O 12. Bd3 h6 13. Bb1 e5 14. b4 Bd6
15. Qxd5 Be6 16. Qd2 Qc7 17. Re1 Rad8 18. Qe2 f5 19. Bb2 e4 20. h3 Nxb4 21.
cxb4 Bc4 22. Qe3 Bf4 23. Qxf4 Qxf4 24. Be5 Qxf3 25. gxf3 Rd5 26. Bc3 exf3 27.
Bc2 f4 28. Re5 Rfd8 29. Rae1 Bxa2 30. Be4 Rxe5 31. Bxe5 g5 32. Bxb7 Rd3 33. Be4
Ra3 34. Ra1 Ra4 35. Bd5+ 1-0

[Event "World Junior Chess Championship U18 g"]
[Site "Gaziantep"]
[Date "2008.08.10"]
[Round "8.29"]
[White "Anton, Sarah"]
[Black "Wiid, Daleen"]
[Result "0-1"]
[WhiteElo "1681"]
[BlackElo "1931"]
[PlyCount "72"]
[EventDate "2008.08.??"]
[EventType "swiss"]
[EventRounds "13"]
[EventCountry "TUR"]

1. e4 c6 2. d4 d5 3. exd5 cxd5 4. c4 Nf6 5. c5 Bf5 6. Nf3 e6 7. Nc3 a6 8. b4
Be7 9. Bf4 O-O 10. Be2 Nc6 11. a3 Rc8 12. O-O Nh5 13. Be3 Qc7 14. Ne5 Nf6 15.
f4 Ne4 16. Na4 f6 17. Nxc6 Qxc6 18. Rc1 Rcd8 19. Nb6 Bd6 20. a4 Bb8 21. a5 e5
22. fxe5 fxe5 23. dxe5 Bxe5 24. Qb3 Kh8 25. b5 axb5 26. Bxb5 Qf6 27. g3 Qg6 28.
Rf3 Bh3 29. Be2 Rxf3 30. Bxf3 Nxg3 31. Kf2 Ne4+ 32. Ke2 Bg4 33. Bxg4 Qxg4+ 34.
Kd3 d4 35. Bg1 Qf3+ 36. Kc2 d3+ 0-1

[Event "World Junior Chess Championship U18 g"]
[Site "Gaziantep"]
[Date "2008.08.10"]
[Round "8.30"]
[White "Bukovec, Tina"]
[Black "Boyarchenko, Marie"]
[Result "0-1"]
[WhiteElo "1929"]
[BlackElo "1895"]
[PlyCount "62"]
[EventDate "2008.08.??"]
[EventType "swiss"]
[EventRounds "13"]
[EventCountry "TUR"]

1. e4 c5 2. Nf3 e6 3. d4 cxd4 4. Nxd4 a6 5. Bd3 Qc7 6. Qe2 d6 7. O-O Nf6 8. Kh1
Be7 9. f4 Nbd7 10. Nd2 b6 11. N2f3 O-O 12. e5 Nd5 13. Bd2 b5 14. Rae1 g6 15.
exd6 Qxd6 16. c3 Bb7 17. Qf2 Bf6 18. Qg3 Bg7 19. Ne5 Rad8 20. h4 N7f6 21. Qh3
Ne7 22. Nxf7 Rxf7 23. Rxe6 Qd5 24. Rfe1 Bc8 25. f5 Bxe6 26. fxe6 Rff8 27. Kh2
Nh5 28. Be4 Qd6+ 29. Kg1 Bxd4+ 30. cxd4 Qxd4+ 31. Qe3 Qxd2 0-1

[Event "World Junior Chess Championship U18 g"]
[Site "Gaziantep"]
[Date "2008.08.10"]
[Round "8.31"]
[White "Kaya, Sena Nur"]
[Black "Karayaylali, Pinar"]
[Result "1/2-1/2"]
[WhiteElo "1529"]
[BlackElo "1597"]
[PlyCount "35"]
[EventDate "2008.08.??"]
[EventType "swiss"]
[EventRounds "13"]
[EventCountry "TUR"]

1. e4 e6 2. d4 d5 3. e5 c5 4. c3 Qb6 5. Nf3 Bd7 6. a3 c4 7. Nbd2 Nc6 8. Be2
Nge7 9. Bxc4 Ng6 10. Bf1 Rc8 11. h4 h5 12. g3 Be7 13. Bh3 f6 14. Qe2 fxe5 15.
Nxe5 Ncxe5 16. dxe5 Bb5 17. c4 Bxc4 18. Nxc4 1/2-1/2

[Event "World Junior Chess Championship U18 g"]
[Site "Gaziantep"]
[Date "2008.08.11"]
[Round "9.1"]
[White "Harika, Dronavalli"]
[Black "Soumya, Swaminathan"]
[Result "1/2-1/2"]
[WhiteElo "2461"]
[BlackElo "2293"]
[PlyCount "54"]
[EventDate "2008.08.??"]
[EventType "swiss"]
[EventRounds "13"]
[EventCountry "TUR"]

1. d4 d5 2. Nf3 Nf6 3. c4 c6 4. Qc2 e6 5. Bg5 h6 6. Bh4 g5 7. Bg3 Ne4 8. Be5 f6
9. Bxb8 Rxb8 10. Nfd2 f5 11. f3 Nxd2 12. Nxd2 Bg7 13. e3 O-O 14. O-O-O f4 15.
exf4 Rxf4 16. Nb3 a5 17. g3 Rxf3 18. Be2 Rf2 19. Rhf1 Qf6 20. Rxf2 Qxf2 21. Rf1
Qe3+ 22. Kd1 Bd7 23. Rf3 Qe4 24. Qxe4 dxe4 25. Re3 b6 26. Rxe4 Rd8 27. Kc1 a4
1/2-1/2

[Event "World Junior Chess Championship U18 g"]
[Site "Gaziantep"]
[Date "2008.08.11"]
[Round "9.2"]
[White "Nakhbayeva, Guliskhan"]
[Black "Muzychuk, Mariya"]
[Result "1/2-1/2"]
[WhiteElo "2170"]
[BlackElo "2413"]
[PlyCount "88"]
[EventDate "2008.08.??"]
[EventType "swiss"]
[EventRounds "13"]
[EventCountry "TUR"]

1. d4 Nf6 2. c4 d6 3. Nc3 e5 4. d5 Bf5 5. g3 c6 6. Bg2 cxd5 7. cxd5 Be7 8. e4
Bd7 9. Nge2 O-O 10. O-O a5 11. h3 b5 12. Be3 b4 13. Nb1 Bb5 14. a4 Ba6 15. Nd2
Nbd7 16. Rc1 Nc5 17. Bxc5 dxc5 18. b3 Bd6 19. Re1 Nd7 20. g4 Nb6 21. Ng3 g6 22.
Bf1 Bc8 23. Bg2 Bd7 24. Nc4 Nxc4 25. Rxc4 Qh4 26. Qd2 Kg7 27. Qe3 Rac8 28. Rec1
Qe7 29. Kh2 Rc7 30. Rg1 Qf6 31. Bf1 Qf4 32. Bd3 Bc8 33. Rc2 Kf6 34. Qe2 Ra7 35.
Kh1 h5 36. f3 Rh8 37. Kg2 hxg4 38. fxg4 Qh6 39. Rh1 Kg7 40. Qf3 Be7 41. Nf1 Rd7
42. Ne3 Rd6 43. Qg3 Bg5 44. Qxe5+ Rf6 1/2-1/2

[Event "World Junior Chess Championship U18 g"]
[Site "Gaziantep"]
[Date "2008.08.11"]
[Round "9.3"]
[White "Severiukhina, Zoja"]
[Black "Mikadze, Miranda"]
[Result "0-1"]
[WhiteElo "2300"]
[BlackElo "2258"]
[PlyCount "80"]
[EventDate "2008.08.??"]
[EventType "swiss"]
[EventRounds "13"]
[EventCountry "TUR"]

1. e4 d5 2. exd5 Qxd5 3. Nc3 Qd8 4. d4 Nf6 5. Nf3 a6 6. Ne5 e6 7. Bf4 Nbd7 8.
Qf3 c5 9. O-O-O cxd4 10. Rxd4 Qb6 11. Rd1 Nxe5 12. Bxe5 Bd7 13. Bxf6 Bc6 14.
Qh3 gxf6 15. Bc4 Be7 16. Rhe1 Qc5 17. Bxe6 fxe6 18. Qxe6 Kf8 19. Nd5 Re8 20.
Nc7 Ba4 21. Qe4 Qxc7 22. Qxa4 Qc6 23. Qf4 Rg8 24. g3 Qc5 25. h4 Rg7 26. Rd7 Rc8
27. c3 b5 28. Qh6 Kg8 29. g4 Bf8 30. Rxg7+ Bxg7 31. Qf4 b4 32. Re3 a5 33. Kb1
Qd5 34. Qd4 Qxd4 35. cxd4 Bh6 36. Re1 Kf7 37. d5 Bf4 38. b3 Re8 39. Rd1 Re2 40.
d6 Rd2 0-1

[Event "World Junior Chess Championship U18 g"]
[Site "Gaziantep"]
[Date "2008.08.11"]
[Round "9.4"]
[White "Guo, Qi"]
[Black "Nikolova, Adriana"]
[Result "1/2-1/2"]
[WhiteElo "2048"]
[BlackElo "2242"]
[PlyCount "47"]
[EventDate "2008.08.??"]
[EventType "swiss"]
[EventRounds "13"]
[EventCountry "TUR"]

1. d4 Nf6 2. c4 e6 3. Nf3 b6 4. g3 Ba6 5. Qa4 Bb7 6. Bg2 c5 7. dxc5 Bxc5 8. O-O
O-O 9. Nc3 h6 10. Bf4 Bc6 11. Qc2 Qc8 12. Rad1 d5 13. Ne5 Bb7 14. Nb5 a6 15.
Nd4 dxc4 16. Bxb7 Qxb7 17. Nxc4 Nc6 18. Nb3 Be7 19. Nd6 Bxd6 20. Bxd6 Rfd8 21.
e4 Rac8 22. Qe2 Rd7 23. Rd2 Rcd8 24. Qd1 1/2-1/2

[Event "World Junior Chess Championship U18 g"]
[Site "Gaziantep"]
[Date "2008.08.11"]
[Round "9.5"]
[White "Ozturk, Kubra"]
[Black "Majdan, Joanna"]
[Result "1-0"]
[WhiteElo "2188"]
[BlackElo "2323"]
[PlyCount "103"]
[EventDate "2008.08.??"]
[EventType "swiss"]
[EventRounds "13"]
[EventCountry "TUR"]

1. Nf3 g6 2. c4 Bg7 3. g3 d6 4. d4 Nf6 5. Bg2 O-O 6. Nc3 Nc6 7. e4 Bg4 8. Be3
e5 9. d5 Nd4 10. O-O Nd7 11. Bxd4 exd4 12. Ne2 Re8 13. Ne1 Bxe2 14. Qxe2 c5 15.
Qc2 a6 16. Nd3 b5 17. b3 Qa5 18. Rab1 Qc3 19. Rfc1 bxc4 20. bxc4 Qxc2 21. Rxc2
Rab8 22. Rcb2 Rxb2 23. Rxb2 Ne5 24. Nxe5 Bxe5 25. Bf1 Bg7 26. Bd3 Bf8 27. Rb6
Ra8 28. f4 f6 29. Kf2 Ra7 30. Kf3 Kf7 31. g4 a5 32. h4 Be7 33. g5 fxg5 34. hxg5
Rd7 35. e5 Kg7 36. e6 Ra7 37. a4 Bf8 38. Kg4 Be7 39. f5 gxf5+ 40. Bxf5 Bf8 41.
Rb3 Kg8 42. Rb8 Kg7 43. Bxh7 Be7 44. Be4 Bf8 45. Rb3 Kg8 46. Bg6 Kg7 47. Kf5
Be7 48. Rh3 Rb7 49. Rh7+ Kf8 50. Rf7+ Ke8 51. Rh7+ Kf8 52. Bf7 1-0